[Event "CRO Team Cup"]
[Site "Mali Losinj"]
[Date "2017.05.14"]
[Round "6.34"]
[White "Brulic, Denis"]
[Black "Bubalovic, Davorin"]
[Result "0-1"]
[WhiteElo "2261"]
[BlackElo "2211"]
[PlyCount "160"]
[EventDate "2017.??.??"]
[WhiteClock "1:27:00"]
[BlackClock "1:30:00"]

1. Nf3 Nf6 2. g3 g6 3. b3 Bg7 4. Bb2 c5 5. c4 Nc6 6. Bg2 O-O 7. O-O d6 8. d3 a6
9. Nc3 Rb8 10. Nd2 Bd7 11. Rb1 Re8 12. Nd5 Nxd5 13. cxd5 Nd4 14. e3 Nb5 15. Qc2
Bf5 16. Nc4 Bxb2 17. Rxb2 Na7 18. a3 b5 19. Nd2 Qc7 20. Rc1 Rec8 21. e4 Bd7 22.
Qd1 Qa5 23. Ra1 Qc3 24. Qc2 Qf6 25. Rc1 Rb7 26. Qb1 e6 27. dxe6 Bc6 28. exf7+
Rxf7 29. Nf3 Bd7 30. Rbc2 Bg4 31. e5 dxe5 32. Nd2 Qxf2+ 33. Kh1 Qd4 34. Rc3 Kg7
35. Ne4 c4 36. bxc4 Bf3 37. Bxf3 Rxf3 38. cxb5 Rxc3 39. Rxc3 Nxb5 40. Rb3 Rf7
41. Kg2 Qe3 42. Qd1 Nd4 43. Rb2 h5 44. Rf2 Rxf2+ 45. Nxf2 a5 46. Ne4 h4 47. Qf1
Nf5 48. g4 Qxe4+ 49. dxe4 Ne3+ 50. Kf2 Nxf1 51. Kxf1 Kf6 52. Kf2 Kg5 53. Kf3 h3
54. Kg3 a4 55. Kxh3 Kf4 56. Kh4 Kxe4 57. Kg5 Kd3 58. h4 e4 59. h5 gxh5 60. gxh5
e3 61. h6 e2 62. h7 e1=Q 63. h8=Q Qe3+ 64. Kg6 Qe6+ 65. Kg5 Qd5+ 66. Kg6 Kc2
67. Qh2+ Kc3 68. Qg3+ Kb2 69. Qe3 Qb3 70. Qd4+ Kxa3 71. Qa1+ Kb4 72. Qd4+ Qc4
73. Qb2+ Kc5 74. Qe5+ Qd5 75. Qc3+ Kb5 76. Qb2+ Ka5 77. Qc3+ Ka6 78. Qc8+ Kb6
79. Qb8+ Kc5 80. Qf8+ Qd6+ 0-1

[Event "CRO Team Cup"]
[Site "Mali Losinj"]
[Date "2017.05.14"]
[Round "6.41"]
[White "Martinovic, Sasa"]
[Black "Sprenger, Jan Michael"]
[Result "1-0"]
[WhiteElo "2552"]
[BlackElo "2520"]
[PlyCount "85"]
[EventDate "2017.??.??"]
[WhiteClock "1:30:00"]
[BlackClock "1:30:00"]

1. d4 d5 2. c4 dxc4 3. Nf3 Nf6 4. e3 e6 5. Bxc4 c5 6. O-O a6 7. dxc5 Bxc5 8.
Qxd8+ Kxd8 9. Ne5 Ke7 10. Be2 Nbd7 11. Nc4 b6 12. Nc3 a5 13. Na4 Ba6 14. Nxc5
Nxc5 15. b3 Nfe4 16. Ba3 Nc3 17. Bd3 Rad8 18. Nxb6 Rxd3 19. Bxc5+ Kf6 20. Rfe1
Rhd8 21. f3 e5 22. e4 Rd2 23. Kh1 Rc2 24. Rec1 Rxc1+ 25. Rxc1 Nxa2 26. Ra1 Nc3
27. h4 Rd1+ 28. Rxd1 Nxd1 29. Nd7+ Ke6 30. Nf8+ Kf6 31. Nxh7+ Kg6 32. Nf8+ Kh5
33. Nd7 Kxh4 34. Nxe5 f6 35. Nc6 Nb2 36. Bf8 Kg3 37. Kg1 a4 38. bxa4 g6 39.
Bd6+ Kh4 40. Be7 Kg3 41. Bxf6 Nxa4 42. Ne7 Kf4 43. Kf2 1-0

[Event "CRO Team Cup"]
[Site "Mali Losinj"]
[Date "2017.05.14"]
[Round "6.42"]
[White "Rade, Miroslav"]
[Black "Kurajica, Bojan"]
[Result "1/2-1/2"]
[WhiteElo "434"]
[BlackElo "528"]
[PlyCount "43"]
[EventDate "2017.??.??"]
[WhiteClock "1:29:00"]
[BlackClock "1:30:00"]

1. e4 c5 2. Nf3 Nc6 3. d4 cxd4 4. Nxd4 Qc7 5. Nc3 e6 6. Be2 a6 7. O-O Nf6 8.
Be3 Be7 9. f4 O-O 10. Qe1 Bb4 11. Nxc6 Qxc6 12. e5 Ne4 13. Bf3 Bxc3 14. Bxe4
Qxe4 15. Qxc3 b5 16. Rf2 Bb7 17. Rd1 Rfc8 18. Qd4 Rxc2 19. Qxe4 Bxe4 20. Rxc2
Bxc2 21. Rxd7 h5 22. Bb6 1/2-1/2

[Event "CRO Team Cup"]
[Site "Mali Losinj"]
[Date "2017.05.14"]
[Round "6.43"]
[White "Kovacevic, Vlatko"]
[Black "Ljubicic, Filip"]
[Result "1/2-1/2"]
[WhiteElo "2454"]
[BlackElo "2385"]
[PlyCount "86"]
[EventDate "2017.??.??"]
[WhiteClock "1:30:00"]
[BlackClock "1:30:00"]

1. d4 d6 2. c4 g6 3. Nc3 Bg7 4. Nf3 Nf6 5. Bg5 O-O 6. e3 h6 7. Bh4 c6 8. Be2 a6
9. O-O Nbd7 10. Qc2 b5 11. b4 bxc4 12. Bxc4 Nb6 13. Bb3 Bf5 14. Qe2 g5 15. Bg3
Nbd5 16. Rac1 Qb6 17. a3 a5 18. Bxd5 cxd5 19. b5 a4 20. Rfd1 Rfc8 21. Qa2 Be6
22. Nd2 Qa5 23. Qb2 Nd7 24. f3 Rc7 25. Be1 Rac8 26. Nf1 Qa7 27. Bf2 Nb6 28. Nd2
Qa5 29. Ndb1 Bf5 30. Be1 Qa7 31. g4 Bd7 32. Kg2 e5 33. h4 e4 34. hxg5 exf3+ 35.
Kxf3 hxg5 36. Qh2 Re8 37. Bf2 f5 38. Rh1 fxg4+ 39. Kg2 Bf5 40. Qh5 Rf7 41. Qxg5
Nc4 42. Rh5 Qe7 43. Qxe7 Rexe7 1/2-1/2

[Event "CRO Team Cup"]
[Site "Mali Losinj"]
[Date "2017.05.14"]
[Round "6.44"]
[White "Krnic, Ivan"]
[Black "Zelic, Mladen"]
[Result "0-1"]
[WhiteElo "2111"]
[BlackElo "2303"]
[PlyCount "76"]
[EventDate "2017.??.??"]
[WhiteClock "1:30:00"]
[BlackClock "1:30:00"]

1. e4 e5 2. Nf3 Nc6 3. Bc4 Nf6 4. d4 exd4 5. O-O Nxe4 6. Re1 d5 7. Bxd5 Qxd5 8.
Nc3 Qh5 9. Nxe4 Be6 10. Bg5 Bd6 11. Nxd6+ cxd6 12. Bf4 Qd5 13. c3 Rc8 14. Nxd4
Nxd4 15. Qxd4 Qxd4 16. cxd4 Kd7 17. Rec1 Rxc1+ 18. Rxc1 Bxa2 19. Ra1 Bc4 20. h3
Re8 21. Be3 a6 22. Rc1 Rc8 23. f3 Rc6 24. Kf2 d5 25. Bd2 Re6 26. Re1 Kc6 27.
Rxe6+ fxe6 28. b4 Kb5 29. h4 b6 30. Ke3 a5 31. bxa5 bxa5 32. Bc3 a4 33. Kd2 Bf1
34. g3 Kc4 35. Ba1 a3 36. f4 Bh3 37. Kc2 Bf5+ 38. Kd2 h5 0-1

[Event "CRO Team Cup"]
[Site "Mali Losinj"]
[Date "2017.05.14"]
[Round "6.51"]
[White "Sedlak, Nikola"]
[Black "Bosiocic, Marin"]
[Result "1-0"]
[WhiteElo "2523"]
[BlackElo "2603"]
[PlyCount "81"]
[EventDate "2017.??.??"]
[WhiteClock "1:29:00"]
[BlackClock "1:30:00"]

1. d4 Nf6 2. Nf3 e6 3. Bf4 c5 4. e3 b6 5. Nc3 a6 6. d5 b5 7. dxe6 fxe6 8. Ng5
c4 9. a4 b4 10. Nce4 d5 11. Nxf6+ Qxf6 12. Bxc4 h6 13. Bxd5 hxg5 14. Bxg5 Qxg5
15. Bxa8 Be7 16. Qd4 a5 17. f4 Qf6 18. Qa7 Nd7 19. O-O-O O-O 20. Qxa5 Nc5 21.
Rd4 Ba6 22. Bf3 Qf5 23. Qb6 Rc8 24. e4 Qxf4+ 25. Kb1 b3 26. cxb3 Bf6 27. Rhd1
Bxd4 28. Rxd4 Kh7 29. Ka2 Qc1 30. e5 Qe3 31. Re4 Qd2 32. Rh4+ Kg8 33. Be4 Bd3
34. Bxd3 Qxd3 35. Rc4 Qd5 36. Qb5 Qxe5 37. b4 Qd5 38. bxc5 Rc6 39. Ka3 e5 40.
Rc3 Qxg2 41. Qb8+ 1-0

[Event "CRO Team Cup"]
[Site "Mali Losinj"]
[Date "2017.05.14"]
[Round "6.52"]
[White "Tica, Sven"]
[Black "Krstic, Uros"]
[Result "0-1"]
[WhiteElo "2332"]
[BlackElo "2383"]
[PlyCount "62"]
[EventDate "2017.??.??"]
[WhiteClock "1:30:00"]
[BlackClock "1:30:00"]

1. Nf3 Nf6 2. g3 g6 3. Bg2 Bg7 4. O-O O-O 5. d4 d6 6. b3 a5 7. Bb2 c6 8. c4 a4
9. Nbd2 Bf5 10. Nh4 Be6 11. e4 c5 12. dxc5 dxc5 13. e5 Ng4 14. Qe2 Nc6 15. Bxc6
bxc6 16. Ne4 Qb6 17. Ng5 Nh6 18. Nxe6 fxe6 19. Bc3 axb3 20. Rfb1 Ra3 21. Qb2
Rfa8 22. f4 Nf5 23. Nf3 Ne3 24. Nd2 Nc2 25. Qxc2 bxc2 26. Rxb6 Rxc3 27. Rc1 Rd8
28. Rb3 Rxd2 29. Rxc3 Rd1+ 30. Kg2 Rxc1 31. h4 Kf7 0-1

[Event "CRO Team Cup"]
[Site "Mali Losinj"]
[Date "2017.05.14"]
[Round "6.53"]
[White "Trbojevic, Mladen"]
[Black "Golubovic, Boris"]
[Result "1/2-1/2"]
[WhiteElo "2346"]
[BlackElo "2404"]
[PlyCount "37"]
[EventDate "2017.??.??"]
[WhiteClock "1:30:00"]
[BlackClock "1:30:00"]

1. e4 d5 2. exd5 Qxd5 3. Nc3 Qd6 4. d4 c6 5. Nf3 Bg4 6. Be2 Nf6 7. h3 Bxf3 8.
Bxf3 e6 9. O-O Be7 10. Bg5 O-O 11. Qd2 Nd5 12. Ne4 Bxg5 13. Qxg5 Qe7 14. Qxe7
Nxe7 15. Nc5 b6 16. Nd3 Rd8 17. c3 Nd7 18. Rfd1 Rac8 19. a4 1/2-1/2

[Event "CRO Team Cup"]
[Site "Mali Losinj"]
[Date "2017.05.14"]
[Round "6.54"]
[White "Petrov, Jole"]
[Black "Tomasic, Roland"]
[Result "1-0"]
[WhiteElo "2390"]
[BlackElo "2173"]
[PlyCount "131"]
[EventDate "2017.??.??"]
[WhiteClock "1:30:00"]
[BlackClock "1:30:00"]

1. Nf3 f5 2. d4 Nf6 3. g3 g6 4. Bg2 Bg7 5. O-O O-O 6. b4 d6 7. Bb2 c6 8. c4 e5
9. dxe5 Ng4 10. Qb3 Nxe5 11. c5+ Nf7 12. cxd6 Bxb2 13. Qxb2 Qxd6 14. Nc3 Qf6
15. Rfd1 Nd7 16. e3 a5 17. a3 Nde5 18. Nd4 axb4 19. axb4 Rxa1 20. Qxa1 Nd6 21.
Qa7 g5 22. Nce2 Rd8 23. Qa2+ Kg7 24. Qc2 h6 25. Rb1 Nec4 26. Qc3 Re8 27. Rc1
Re5 28. Qd3 Qf7 29. h4 c5 30. Nf3 Rd5 31. Qc3+ Qf6 32. hxg5 hxg5 33. Nxg5 Qxc3
34. Nxc3 Rd2 35. bxc5 Ne8 36. Nf3 Rb2 37. Nd5 Na5 38. Nd4 Nb3 39. Nxb3 Rxb3 40.
Nb6 Be6 41. Bxb7 Nf6 42. Bc8 Bf7 43. Bxf5 Ne8 44. g4 Nc7 45. g5 Bh5 46. e4 Bf3
47. Nc4 Rb8 48. Ne5 Be2 49. c6 Rb5 50. f4 Rb2 51. Bg4 Bxg4 52. Nxg4 Kg6 53. Nf2
Kh5 54. Rc3 Rb8 55. Kg2 Rc8 56. Rh3+ Kg6 57. Ng4 Ne6 58. Rh6+ Kf7 59. Ne5+ Ke7
60. Rh7+ Kd6 61. Rh6 Ke7 62. Kg3 Nc5 63. f5 Ra8 64. Nc4 Ra4 65. Rh7+ Kf8 66.
Nd6 1-0

[Event "CRO Team Cup"]
[Site "Mali Losinj"]
[Date "2017.05.14"]
[Round "6.61"]
[White "Zovko, Mario"]
[Black "Zelic, Zdravko"]
[Result "1/2-1/2"]
[WhiteElo "2325"]
[BlackElo "2368"]
[PlyCount "29"]
[EventDate "2017.??.??"]
[WhiteClock "1:29:00"]
[BlackClock "1:30:00"]

1. e4 Nf6 2. Nc3 e5 3. Nf3 Nc6 4. d4 exd4 5. Nxd4 Bb4 6. Nxc6 bxc6 7. Bd3 O-O
8. O-O d5 9. exd5 cxd5 10. Bg5 c6 11. Qf3 h6 12. Bxf6 Qxf6 13. Qxf6 gxf6 14.
Ne2 Bd7 15. Ng3 1/2-1/2

[Event "CRO Team Cup"]
[Site "Mali Losinj"]
[Date "2017.05.14"]
[Round "6.62"]
[White "Zelic, Branko"]
[Black "Mrdja, Milan"]
[Result "0-1"]
[WhiteElo "2239"]
[BlackElo "2299"]
[PlyCount "116"]
[EventDate "2017.??.??"]
[WhiteClock "1:30:00"]
[BlackClock "1:30:00"]

1. d4 g6 2. Nf3 Bg7 3. c3 d6 4. Bf4 Nd7 5. e3 e5 6. dxe5 dxe5 7. Bg3 Nh6 8. Bh4
f6 9. Bc4 Nf5 10. Be6 Nxh4 11. Nxh4 Qe7 12. Bc4 e4 13. g3 Ne5 14. Nd2 Nxc4 15.
Qa4+ Bd7 16. Qxc4 Bh3 17. Rg1 g5 18. Ng2 f5 19. O-O-O O-O-O 20. Nb3 Rxd1+ 21.
Kxd1 Rd8+ 22. Kc1 c6 23. Ne1 Be5 24. Nc2 Bg4 25. Ncd4 Kb8 26. a4 Rd5 27. h3
Bxh3 28. Rh1 Bg4 29. Rh6 f4 30. Rxc6 Rd8 31. gxf4 Bxd4 32. Nxd4 Rxd4 33. Qxd4
bxc6 34. fxg5 Qxg5 35. Qxe4 h5 36. Qxc6 Qe5 37. b4 Bc8 38. Kd2 h4 39. f4 Qc7
40. Qb5+ Ka8 41. Qh5 h3 42. a5 Qd7+ 43. Ke2 Qc6 44. b5 Qg2+ 45. Kd3 Qg4 46. Qh8
Kb7 47. Qh6 Qd7+ 48. Ke4 Qxb5 49. Kf3 Qxa5 50. Qf6 Qb6 51. Qe7+ Qc7 52. Qb4+
Ka8 53. e4 a5 54. Qd4 Bd7 55. f5 Kb7 56. f6 Be6 57. e5 Qc6+ 58. Kg3 Qg2+ 0-1

[Event "CRO Team Cup"]
[Site "Mali Losinj"]
[Date "2017.05.14"]
[Round "6.63"]
[White "Rosandic, Denis"]
[Black "Kurecic, Mladen"]
[Result "1-0"]
[WhiteElo "2242"]
[BlackElo "2023"]
[PlyCount "49"]
[EventDate "2017.??.??"]
[WhiteClock "1:30:00"]
[BlackClock "1:30:00"]

1. d4 d5 2. c4 e6 3. Nc3 Nf6 4. cxd5 exd5 5. Bg5 Be7 6. Qc2 c6 7. e3 h6 8. Bh4
Ne4 9. Bxe7 Qxe7 10. Nxd5 cxd5 11. Qxc8+ Qd8 12. Qxd8+ Kxd8 13. Bd3 Re8 14. Ne2
Nc6 15. O-O g5 16. Rfc1 a6 17. Nc3 Nxc3 18. Rxc3 Kd7 19. Rac1 Kd6 20. a3 Re7
21. h3 Rf8 22. Bxa6 Nxd4 23. exd4 bxa6 24. Rc6+ Kd7 25. Rc7+ 1-0

[Event "CRO Team Cup"]
[Site "Mali Losinj"]
[Date "2017.05.14"]
[Round "6.64"]
[White "Tretinjak, Dario"]
[Black "Raguz, Darko"]
[Result "1-0"]
[WhiteElo "1818"]
[BlackElo "2102"]
[PlyCount "41"]
[EventDate "2017.??.??"]
[WhiteClock "1:30:00"]
[BlackClock "1:30:00"]

1. d4 d5 2. Nf3 e6 3. c4 Nf6 4. e3 c5 5. cxd5 exd5 6. Be2 Nc6 7. O-O Be7 8. Nc3
O-O 9. dxc5 Bxc5 10. Nb5 Re8 11. Nbd4 Qb6 12. Nb3 Bd6 13. Bd2 Ne4 14. Be1 Rd8
15. Rc1 Ne5 16. Ba5 Nxf3+ 17. Bxf3 Bxh2+ 18. Kxh2 Qh6+ 19. Kg1 Rd6 20. Bc7 Rg6
21. Qxd5 1-0

[Event "CRO Team Cup"]
[Site "Mali Losinj"]
[Date "2017.05.14"]
[Round "6.71"]
[White "Makaj, Marko"]
[Black "Livaic, Leon"]
[Result "0-1"]
[WhiteElo "2330"]
[BlackElo "2464"]
[PlyCount "96"]
[EventDate "2017.??.??"]

1. d4 e6 2. Nf3 Nf6 3. Bg5 c5 4. e3 cxd4 5. exd4 b6 6. Bd3 Bb7 7. Nbd2 Be7 8.
Bxf6 Bxf6 9. Qe2 Qc7 10. c3 d6 11. O-O-O Nd7 12. g4 g6 13. h4 O-O-O 14. Ne4 h5
15. g5 Bg7 16. Ba6 Rhe8 17. Rhe1 d5 18. Ned2 Bxa6 19. Qxa6+ Kb8 20. Kb1 Ka8 21.
Nb3 Nb8 22. Qd3 Rc8 23. Nfd2 Nc6 24. Qe3 Ne7 25. f4 Nf5 26. Qf2 a5 27. Nc1 Re7
28. Nf1 Qb7 29. Nd3 Rec7 30. Nd2 Bf8 31. Nf3 Qa6 32. Nde5 a4 33. a3 Nd6 34. Qf1
Nb5 35. Re3 Qa5 36. Rc1 Bxa3 37. bxa3 Nxa3+ 38. Ka2 Nb5 39. c4 Nd6 40. Rec3
dxc4 41. Nxc4 Nxc4 42. Rxc4 Rxc4 43. Rxc4 Qd5 44. Ne5 b5 45. Qd1 Rxc4 46. Nxc4
Qxc4+ 47. Ka1 Qc3+ 48. Ka2 Qb3+ 0-1

[Event "CRO Team Cup"]
[Site "Mali Losinj"]
[Date "2017.05.14"]
[Round "6.72"]
[White "Vujakovic, Branko"]
[Black "Nemec, Vjekoslav"]
[Result "1/2-1/2"]
[WhiteElo "2349"]
[BlackElo "2172"]
[PlyCount "138"]
[EventDate "2017.??.??"]

1. e4 e6 2. d4 d5 3. Nc3 Nf6 4. Bg5 dxe4 5. Nxe4 Be7 6. Bxf6 gxf6 7. Nf3 a6 8.
Qd2 b5 9. O-O-O Bb7 10. Qe3 Nd7 11. Nc5 Bd5 12. Kb1 Nxc5 13. dxc5 Bxa2+ 14. Kc1
Bd5 15. b3 b4 16. Bd3 c6 17. Nd2 a5 18. Nc4 a4 19. Nb6 axb3 20. cxb3 Ra5 21.
Nxd5 Qxd5 22. Be4 Qxc5+ 23. Qxc5 Rxc5+ 24. Kd2 f5 25. Bd3 Bf6 26. Ke2 Ke7 27.
Rd2 Ra8 28. Rb1 Bc3 29. Rc2 Kf6 30. f4 Rd5 31. g3 Rda5 32. Bc4 Ra2 33. Rbc1 Ke7
34. Bd3 f6 35. Rxa2 Rxa2+ 36. Rc2 Ra3 37. Bc4 e5 38. Ke3 Ra1 39. Bg8 h6 40. Bh7
Kd6 41. Re2 Rb1 42. Bg8 Rf1 43. Bh7 Rb1 44. Bg8 Kc5 45. Rc2 Re1+ 46. Kf2 Rb1
47. Ke3 e4 48. Be6 Re1+ 49. Re2 Bd4+ 50. Kd2 Rb1 51. Kc2 Rb2+ 52. Kd1 Rxe2 53.
Kxe2 Bg1 54. Kf1 Be3 55. Bxf5 Kd4 56. Be6 Kd3 57. Bc4+ Kd2 58. f5 Bd4 59. Be6
Be5 60. Bc4 c5 61. Ba6 Ke3 62. Kg2 h5 63. h3 h4 64. g4 Kd2 65. Kf1 Ke3 66. Kg2
Kf4 67. Bc4 e3 68. Bd3 Bd4 69. Bc4 Bc3 1/2-1/2

[Event "CRO Team Cup"]
[Site "Mali Losinj"]
[Date "2017.05.14"]
[Round "6.73"]
[White "Pavic, Jakov"]
[Black "Blazeka, Matej"]
[Result "1/2-1/2"]
[WhiteElo "2144"]
[BlackElo "2333"]
[PlyCount "64"]
[EventDate "2017.??.??"]

1. d4 Nf6 2. c4 e6 3. Nf3 d5 4. cxd5 exd5 5. Nc3 c6 6. Bg5 Be7 7. Qc2 g6 8. e3
Bf5 9. Bd3 Bxd3 10. Qxd3 O-O 11. O-O Re8 12. Rab1 a5 13. Ne5 Ne4 14. Bxe7 Qxe7
15. Nxe4 dxe4 16. Qc3 Na6 17. a3 Nc7 18. b4 f6 19. Nc4 Nd5 20. Qb3 axb4 21.
axb4 Kg7 22. Rfc1 Rec8 23. h3 b5 24. Na5 Nxb4 25. Qxb4 Qxb4 26. Rxb4 Rxa5 27.
Rc5 Raa8 28. d5 cxd5 29. Rxd5 Rc1+ 30. Kh2 Ra2 31. Rd7+ Kh6 32. Rxe4 Rxf2
1/2-1/2

[Event "CRO Team Cup"]
[Site "Mali Losinj"]
[Date "2017.05.14"]
[Round "6.74"]
[White "Markovic, Franjo-Josip"]
[Black "Kos, Bruno"]
[Result "0-1"]
[WhiteElo "1990"]
[BlackElo "1998"]
[PlyCount "116"]
[EventDate "2017.??.??"]

1. d4 Nf6 2. c4 c5 3. d5 b5 4. cxb5 a6 5. bxa6 Bxa6 6. Nc3 g6 7. e4 Bxf1 8.
Kxf1 d6 9. Nf3 Bg7 10. g3 Nbd7 11. h3 O-O 12. Kg2 Qa5 13. Re1 Rfb8 14. e5 dxe5
15. Nxe5 Nxe5 16. Rxe5 Rb7 17. Qf3 Ne8 18. Re2 Nd6 19. Ne4 Nf5 20. Bd2 Qb6 21.
Bc3 Bd4 22. Kh1 Rba7 23. g4 Bxc3 24. bxc3 Nd6 25. Nxd6 Qxd6 26. c4 Ra3 27. Re3
Rxa2 28. Rxa2 Rxa2 29. Ra3 Rxa3 30. Qxa3 Qb6 31. Kg2 Qd6 32. Qa8+ Kg7 33. Qc6
g5 34. Qc8 h6 35. Qc6 Kf6 36. Qc8 Kg7 37. Kf1 Qb6 38. Kg2 Qd6 39. Qf5 Qf6 40.
Qe4 Qd6 41. h4 gxh4 42. Kh3 Qf6 43. f4 Qd4 44. Qe5+ Kh7 45. Kxh4 Qxc4 46. g5
hxg5+ 47. Qxg5 Qe4 48. Qh5+ Kg8 49. Qg4+ Kf8 50. Qc8+ Kg7 51. Qxc5 Qxf4+ 52.
Kh3 Qe5 53. Qc4 f5 54. Qd3 Kf6 55. Qa6+ Kg5 56. Qc6 f4 57. Qd7 Qf5+ 58. Qxf5+
Kxf5 0-1

[Event "CRO Team Cup"]
[Site "Mali Losinj"]
[Date "2017.05.14"]
[Round "6.81"]
[White "Rogulj, Branko"]
[Black "Boban, Sten"]
[Result "1-0"]
[WhiteElo "2410"]
[BlackElo "2075"]
[PlyCount "147"]
[EventDate "2017.??.??"]

1. e4 e5 2. Nf3 Nc6 3. Bb5 a6 4. Ba4 Nf6 5. d3 d6 6. c3 b5 7. Bc2 Be7 8. a4 Bg4
9. h3 Bh5 10. Nbd2 d5 11. axb5 axb5 12. Rxa8 Qxa8 13. O-O dxe4 14. dxe4 O-O 15.
Qe2 Qb7 16. b4 Bd6 17. Bd3 Na7 18. Nb3 Nd7 19. Be3 c6 20. Ra1 Ra8 21. Qa2 Bxf3
22. gxf3 Nb6 23. Qa6 Qxa6 24. Rxa6 Nac8 25. Rxb6 Nxb6 26. Bxb6 Ra3 27. Bc2 Ra2
28. Bd1 Rb2 29. Kf1 Kf8 30. Na5 Ra2 31. Be3 Ra3 32. Nb3 Ke7 33. Ke2 g6 34. Bc2
Ke6 35. Bc1 Ra2 36. Kd1 Ra8 37. Be3 f5 38. exf5+ gxf5 39. f4 Rd8 40. fxe5 Bxe5+
41. Nd4+ Kf6 42. f4 Bxd4 43. Bxd4+ Kg6 44. Ke2 Ra8 45. Bb3 Kh5 46. Kf3 Kg6 47.
Be6 Rd8 48. Kg3 Rd6 49. Bc8 Rd8 50. Bb7 c5 51. Bxc5 Rd3+ 52. Kh4 Rxc3 53. Bc6
Rc4 54. Be8+ Kf6 55. Bd6 Ke6 56. Bxb5 Re4 57. Bc5 Rxf4+ 58. Kg5 Rf3 59. Bc4+
Ke5 60. h4 Rg3+ 61. Kh5 f4 62. Kh6 f3 63. h5 Rg2 64. Kxh7 f2 65. h6 Kf6 66. Be2
Kf7 67. Bf1 Rg4 68. b5 Ke8 69. b6 Kd8 70. Bxf2 Rf4 71. b7 Rf7+ 72. Kg8 Rxb7 73.
h7 Rxh7 74. Kxh7 1-0

[Event "CRO Team Cup"]
[Site "Mali Losinj"]
[Date "2017.05.14"]
[Round "6.82"]
[White "Djuric, Petar"]
[Black "Vrsek, Ivan"]
[Result "0-1"]
[WhiteElo "1954"]
[BlackElo "2219"]
[PlyCount "58"]
[EventDate "2017.??.??"]

1. e4 e6 2. d4 d5 3. exd5 exd5 4. Bd3 Nc6 5. Ne2 Bd6 6. O-O Nf6 7. c3 O-O 8.
Bf4 Ne7 9. Nd2 Ng6 10. Bg3 Bg4 11. f3 Be6 12. f4 Bg4 13. Nf3 Nh5 14. Ne5 Nxe5
15. fxe5 Nxg3 16. hxg3 Be7 17. Qc2 g6 18. Nf4 c5 19. e6 cxd4 20. Nxg6 fxg6 21.
Bxg6 d3 22. Bf7+ Kh8 23. Qd2 Bxe6 24. Bxe6 Qb6+ 25. Kh1 Qxe6 26. b4 Qe2 27.
Qxe2 dxe2 28. Rf3 Rxf3 29. gxf3 Re8 0-1

[Event "CRO Team Cup"]
[Site "Mali Losinj"]
[Date "2017.05.14"]
[Round "6.83"]
[White "Podravec, Kresimir"]
[Black "Muraja, Zeljko"]
[Result "1-0"]
[WhiteElo "2171"]
[BlackElo "1752"]
[PlyCount "73"]
[EventDate "2017.??.??"]

1. e4 d5 2. exd5 Qxd5 3. Nc3 Qa5 4. d4 c6 5. Nf3 Nf6 6. Bc4 Bg4 7. h3 Bxf3 8.
Qxf3 e6 9. O-O Be7 10. a3 Nbd7 11. Be3 Qc7 12. Rae1 O-O 13. Bd3 Nd5 14. Bd2
N7f6 15. Ne2 Rac8 16. c4 Nb6 17. Ng3 Rcd8 18. Bf4 Qc8 19. Be5 Nbd7 20. Bc2 Nxe5
21. dxe5 Nd7 22. Qh5 h6 23. Qg4 Kh8 24. Qe4 g6 25. h4 Nc5 26. Qe3 Kg7 27. h5 g5
28. b4 Na6 29. Qe4 Rh8 30. f4 Rd2 31. fxg5 Bxg5 32. Rf3 Rxc2 33. Qxc2 Qc7 34.
Nh1 c5 35. b5 Nb8 36. Nf2 b6 37. Nh3 1-0

[Event "CRO Team Cup"]
[Site "Mali Losinj"]
[Date "2017.05.14"]
[Round "6.84"]
[White "Matosevic, Miroslav"]
[Black "Greb, Nikola"]
[Result "0-1"]
[WhiteElo "1465"]
[BlackElo "2049"]
[PlyCount "82"]
[EventDate "2017.??.??"]

1. e4 c5 2. Bc4 Nc6 3. Nf3 d6 4. c3 Nf6 5. d3 e6 6. O-O Be7 7. Be3 d5 8. exd5
exd5 9. Bb3 d4 10. Bg5 O-O 11. h3 Bf5 12. Bc2 h6 13. Bh4 Re8 14. Nbd2 dxc3 15.
bxc3 Bxd3 16. Re1 Bxc2 17. Qxc2 Nd5 18. Bg3 Qa5 19. c4 Ndb4 20. Qb3 Bf6 21.
Rad1 Qxa2 22. Qxa2 Nxa2 23. Ne4 Bd4 24. Nd6 Rxe1+ 25. Rxe1 b6 26. Nf5 Bf6 27.
Nd6 Nab4 28. Bh4 Bxh4 29. Nxh4 a5 30. Nhf5 Nc2 31. Rc1 N2d4 32. Nxd4 Nxd4 33.
Ra1 a4 34. Nb5 Nxb5 35. cxb5 a3 36. Kf1 a2 37. Ke2 Kf8 38. Kd2 Ke7 39. Kc2 Ra5
40. Kb2 Rxb5+ 41. Kxa2 Ra5+ 0-1

[Event "CRO Team Cup"]
[Site "Mali Losinj"]
[Date "2017.05.14"]
[Round "6.91"]
[White "Bender, Ivan"]
[Black "Vidovic, Mario"]
[Result "0-1"]
[WhiteElo "2248"]
[BlackElo "2242"]
[PlyCount "62"]
[EventDate "2017.??.??"]

1. e4 c6 2. d4 d5 3. e5 c5 4. c3 Nc6 5. Be3 Nh6 6. dxc5 Ng4 7. Nf3 Nxe3 8. fxe3
a6 9. Qa4 Bd7 10. Qf4 e6 11. b4 Be7 12. Bd3 O-O 13. e4 d4 14. a3 f6 15. O-O
Nxe5 16. Nxe5 fxe5 17. Qxe5 Rxf1+ 18. Kxf1 Bf6 19. Qd6 dxc3 20. e5 Be7 21. Qd4
Bb5 22. Qxd8+ Rxd8 23. Nxc3 Bxd3+ 24. Kf2 Bf5 25. Rd1 Rxd1 26. Nxd1 Bg5 27. Nb2
Be4 28. Nc4 Bd5 29. Nb6 Bf4 30. Nxd5 exd5 31. e6 Kf8 0-1

[Event "CRO Team Cup"]
[Site "Mali Losinj"]
[Date "2017.05.14"]
[Round "6.92"]
[White "Vidovic, Sasa"]
[Black "Jelcic, Marko"]
[Result "1-0"]
[WhiteElo "2299"]
[BlackElo "2147"]
[PlyCount "47"]
[EventDate "2017.??.??"]

1. b3 e5 2. Bb2 d6 3. d4 exd4 4. Qxd4 Nc6 5. Qd2 Nf6 6. Nc3 Bf5 7. O-O-O Be7 8.
h4 Qd7 9. f3 h5 10. e4 Be6 11. Nge2 O-O-O 12. Nf4 Rhe8 13. g3 Ne5 14. Qf2 a6
15. Qa7 Qc6 16. Nxe6 fxe6 17. Bh3 Bf8 18. Nd5 Nfg4 19. Nb4 Qb5 20. fxg4 c5 21.
Nxa6 Nc6 22. Qa8+ Kd7 23. Nxc5+ Qxc5 24. Qxb7# 1-0

[Event "CRO Team Cup"]
[Site "Mali Losinj"]
[Date "2017.05.14"]
[Round "6.93"]
[White "Ivankovic, Ivo"]
[Black "Kovac, Hrvoje"]
[Result "0-1"]
[WhiteElo "2174"]
[BlackElo "1959"]
[PlyCount "170"]
[EventDate "2017.??.??"]

1. c4 c5 2. Nf3 Nc6 3. g3 e5 4. Nc3 g6 5. Bg2 Nge7 6. O-O Bg7 7. e3 O-O 8. d3
d6 9. Bd2 h6 10. a3 Be6 11. Rb1 a5 12. Qe2 Qd7 13. Rfd1 Rfe8 14. Ne1 d5 15.
cxd5 Nxd5 16. Nc2 b6 17. Qf1 Rab8 18. Nb5 Nce7 19. a4 Nb4 20. Bxb4 Bb3 21. Bxc5
Bxc2 22. Bd6 Bxa4 23. b3 Bxb5 24. Bxb8 Rxb8 25. Rd2 Nd5 26. Qc1 Rc8 27. Qb2 Nb4
28. Rbd1 Qc7 29. d4 exd4 30. exd4 Rd8 31. Qb1 Rd6 32. h4 h5 33. Qe4 Nd5 34. Qf3
Bd7 35. Qd3 Be6 36. Rc2 Qd8 37. Qb5 Nb4 38. Rcd2 Bxb3 39. Re1 Be6 40. d5 Bd7
41. Qc4 Qf6 42. Qc7 Na6 43. Qa7 Nc5 44. Rb1 Kh7 45. Rdb2 Na4 46. Rb3 Bf5 47.
Re1 Rd7 48. Qb8 Qd6 49. Qe8 Nc5 50. Rbe3 Bf6 51. Qa8 Kg7 52. Re8 Rd8 53. Qa7
Rxe8 54. Rxe8 Qd7 55. Qb8 Kh7 56. Rf8 Nb7 57. Qa7 Nd8 58. Qxb6 Kg7 59. Rg8+
Kxg8 60. Qxf6 a4 61. Qa6 Kg7 62. Qa8 Nb7 63. Kh2 Nc5 64. Qa5 Qd6 65. Qc3+ Kh7
66. Qa3 Ne4 67. Qxa4 Nxf2 68. Bf3 Ng4+ 69. Kg2 Qc5 70. Qa2 Qd4 71. Qe2 Ne5 72.
Bxh5 Qe4+ 73. Kh2 gxh5 74. Qxh5+ Kg7 75. Qg5+ Bg6 76. Qf4 Nf3+ 77. Kh3 Qf5+ 78.
Qxf5 Bxf5+ 79. g4 Nxh4 80. Kxh4 Bc2 81. Kg5 f6+ 82. Kh5 Bg6+ 83. Kh4 Be8 84.
Kg3 Kg6 85. Kf4 Bd7 0-1

[Event "CRO Team Cup"]
[Site "Mali Losinj"]
[Date "2017.05.14"]
[Round "6.94"]
[White "Strukelj, Zlatko"]
[Black "Music, Tomislav"]
[Result "0-1"]
[WhiteElo "1755"]
[BlackElo "2066"]
[PlyCount "84"]
[EventDate "2017.??.??"]

1. e4 d5 2. exd5 Qxd5 3. Nc3 Qa5 4. d4 c6 5. Nf3 Bg4 6. Be2 Bxf3 7. Bxf3 e6 8.
O-O Nf6 9. Ne4 Nbd7 10. c4 Qc7 11. g3 Nxe4 12. Bxe4 Rd8 13. Bf3 Be7 14. Qb3 O-O
15. Be3 Bf6 16. Rac1 b6 17. d5 c5 18. dxe6 fxe6 19. Bg4 Qc6 20. f4 e5 21. Bf3
Qc7 22. f5 Nb8 23. g4 h6 24. Be4 Nc6 25. Bf2 Nd4 26. Bxd4 exd4 27. Rce1 Be5 28.
Re2 Bf4 29. Qd3 Be3+ 30. Kg2 Qe5 31. b3 Rd6 32. Rf3 Kh8 33. h4 Re8 34. Bd5 Qf6
35. Rh3 Rf8 36. Be4 Qe5 37. Rf3 Rf7 38. Re1 Re7 39. Bd5 Rf6 40. Be6 Rexe6 41.
Rfxe3 dxe3 42. fxe6 Rf2+ 0-1

[Event "CRO Team Cup"]
[Site "Mali Losinj"]
[Date "2017.05.14"]
[Round "6.102"]
[White "Aleksic, Robert"]
[Black "Begonja, Veljko"]
[Result "1/2-1/2"]
[WhiteElo "2132"]
[BlackElo "2125"]
[PlyCount "21"]
[EventDate "2017.??.??"]

1. e4 c5 2. Nf3 e6 3. d4 cxd4 4. Nxd4 a6 5. a4 Qc7 6. Bd3 Nf6 7. O-O Bc5 8. Nb3
Ba7 9. Nc3 d6 10. Qe2 Nbd7 11. Be3 1/2-1/2